ईश्वरनिष्ठांची मांदियाळी (Record no. 411266)

MARC details
000 -LEADER
fixed length control field 00523nam a2200145Ia 4500
008 - FIXED-LENGTH DATA ELEMENTS--GENERAL INFORMATION
fixed length control field 100122s9999 xx 000 0 und d
082 ## - DEWEY DECIMAL CLASSIFICATION NUMBER
Item number 23734
Classification number 922
100 ## - MAIN ENTRY--PERSONAL NAME
Personal name ढेरे रामचंद्र चिं
245 ## - TITLE STATEMENT
Title ईश्वरनिष्ठांची मांदियाळी
260 ## - PUBLICATION, DISTRIBUTION, ETC. (IMPRINT)
Date of publication, distribution, etc 1970
300 ## - PHYSICAL DESCRIPTION
Extent 50
630 ## - SUBJECT ADDED ENTRY--UNIFORM TITLE
Uniform title ईश्वरनिष्ठांची मांदियाळी
730 ## - ADDED ENTRY--UNIFORM TITLE
Uniform title ईश्वरनिष्ठांची मांदियाळी
942 ## - ADDED ENTRY ELEMENTS (KOHA)
Koha item type Book
Holdings
Withdrawn status Lost status Damaged status Not for loan Home library Current library Date acquired Cost, normal purchase price Total Checkouts Full call number Barcode Date last seen Cost, replacement price Price effective from Koha item type Public note
        S.V. Pathak Library, Vile Parle S.V. Pathak Library, Vile Parle 05/10/1976 5.00   23734 SVPPARLE-23734 01/25/2010 5.00 01/25/2010 Book General NA